100 Greatest Comedy Movies of all time - Statistics

General Stats
  • This quiz has been taken 343 times
  • The average score is 14 of 100
Answer Stats
Year of Release Answer % Correct
1980 Airplane!
58%
1994 Dumb & Dumber
45%
1974 Blazing Saddles
42%
1984 Ghostbusters
42%
1975 Monty Python and the Holy Grail
41%
2004 Anchorman: The Legend of Ron Burgundy
40%
1988 The Naked Gun
36%
1994 Ace Ventura: Pet Detective
35%
1994 The Mask
35%
1978 National Lampoon's Animal House
33%
1993 Groundhog Day
32%
2001 Zoolander
30%
1959 Some Like it Hot
28%
1997 Austin Powers: International Man of Mystery
26%
1988 Coming to America
26%
1993 Mrs Doubtfire
26%
1987 Planes, Trains, and Automobiles
26%
1998 The Big Lebowski
25%
1974 Young Frankenstein
25%
1980 The Blues Brothers
24%
1979 The Jerk
24%
1977 Annie Hall
23%
2003 Elf
23%
2011 Bridesmaids
22%
1983 Trading Places
22%
2000 Meet the Parents
21%
1964 Dr Strangelove: Or, How I Learned to Stop Worrying and Love the Bomb
20%
1989 When Harry Met Sally
20%
2006 Borat
19%
2004 Mean Girls
19%
1967 The Producers
19%
1984 This is Spinal Tap
19%
1933 Duck Soup
18%
1998 There's Something About Mary
18%
1992 Wayne's World
18%
2003 Old School
17%
1940 The Great Dictator
16%
2007 Hot Fuzz
15%
2004 Shaun of the Dead
15%
1996 The Cable Guy
15%
1986 Three Amigos
14%
1995 Toy Story
14%
1982 Tootsie
13%
2004 Napoleon Dynamite
12%
1926 The General
12%
1963 The Pink Panther
12%
1988 A Fish Called Wanda
11%
1995 Clueless
11%
1999 Office Space
10%
1999 South Park: Bigger, Longer, Uncut
10%
1934 It Happened One Night
9%
1987 Raising Arizona
9%
2000 Best in Show
7%
1998 Rushmore
7%
2003 School of Rock
7%
1925 The Gold Rush
7%
1968 The Odd Couple
7%
1940 The Philadelphia Story
7%
1984 Top Secret!
7%
1935 A Night at the Opera
6%
1988 Dirty Rotten Scoundrels
6%
1940 His Girl Friday
6%
1994 Pulp Fiction
6%
2004 Team America: World Police
6%
2001 The Royal Tenenbaums
6%
1979 Monty Python's Life of Brian
5%
1944 Arsenic and Old Lace
4%
2019 Booksmart
4%
1990 GoodFellas
4%
1996 Kingpin
4%
1923 Safety Last!
4%
1982 The King of Comedy
4%
1983 The Man with Two Brains
4%
1987 Withnail & I
4%
1971 Harold and Maude
3%
2009 In the Loop
3%
1977 Slap Shot
3%
2017 The Death of Stalin
3%
1996 Waiting for Guffman
3%
2007 Walk Hard: The Dewey Cox Story
3%
1971 Bananas
2%
2010 Four lions
2%
1988 Midnight Run
2%
1985 Pee-Wee's Big Adventure
2%
1972 Play it Again, Sam
2%
1933 Sons of the Desert
2%
1941 Sullivan's Travels
2%
2017 The Big Sick
2%
1967 Bedazzled
1%
1943 Heaven Can Wait
1%
1953 Mr Hulot's Holiday
1%
2016 Popstar: Never Stop Never Stopping
1%
1975 Return of the Pink Panther
1%
1969 Take the Money and Run
1%
1936 Way out West
1%
1984 Broadway Danny Rose
0%
1983 Local Hero
0%
1976 Nuts in May
0%
1997 The Castle
0%
1972 The Heartbreak Kid
0%
No matching quizzes found
Score Distribution
Percent of People with Each Score
Percentile by Number Answered
Your Score History
You have not taken this quiz